书目信息 |
| 题名: |
近代调和分析方法及其应用
|
|
| 作者: | 韩永生 著 | |
| 分册: | ||
| 出版信息: | 北京 科学出版社 1988.06 |
|
| 页数: | 167页 | |
| 开本: | 32开 | |
| 丛书名: | ||
| 单 册: | ||
| 中图分类: | O174.3 | |
| 科图分类: | ||
| 主题词: | 数学分析 | |
| 电子资源: | ||
| ISBN: | 7-03-000402-7 | |
| 000 | 00569nam0 2200193 45 | |
| 001 | 0009051626 | |
| 005 | 20000905165003.7 | |
| 010 | @a7-03-000402-7@d12.00元 | |
| 100 | @a20000905d1988 km y0chiy0120 ea | |
| 101 | 0 | @achi |
| 105 | @a z 000yy | |
| 200 | 1 | @a近代调和分析方法及其应用@AJin Dai Diao He Fen Xi Fang Fa Ji Qi Ying Yong@f韩永生著@FHan Yong Sheng Zhu |
| 210 | @a北京@c科学出版社@d1988.06 | |
| 215 | @a167页@d32开 | |
| 606 | 0 | @a数学分析 |
| 690 | @aO174.3@v3 | |
| 701 | 0 | @a韩永生@4著 |
| 801 | @aCN@bPftUser@c20000905 | |
| 905 | @b121067-068@dO174.3@eH799@f2 | |
| 近代调和分析方法及其应用/韩永生著.-北京:科学出版社,1988.06 |
| 167页;32开 |
| ISBN 7-03-000402-7:12.00元 |
| ● |
| 相关链接 |
|
|
|
正题名:近代调和分析方法及其应用
索取号:O174.3/H799
 
预约/预借
| 序号 | 登录号 | 条形码 | 馆藏地/架位号 | 状态 | 备注 |
| 1 | 121067 | 201210670 | 自科二线504/504自科库 26排1列3层/ [索取号:O174.3/H799] | 在馆 | |
| 2 | 121068 | 201210689 | 自科二线504/504自科库 27排2列3层/ [索取号:O174.3/H799] | 在馆 |